Statistics for Literal Translation of Country Names: Oceania (with hints)

Click here to take the quiz!

General Stats

  • This quiz has been taken 20 times
  • The average score is 14 of 14

Answer Stats

HintAnswer% Correct
Southern landAAustralia
100%
Great FijiFFiji
100%
Gilbert islandsKKiribati
100%
Islands of John MarshallMMarshall Islands
100%
New sea landNNew Zealand
100%
Frizzy-haired menPPapua New Guinea
100%
Sacred centerSSamoa
100%
King Solomon islandsSSolomon Islands
100%
Eight standing togetherTTuvalu
100%
Our land foreverVVanuatu
100%
Small islandsFFederated States of Micronesia
94%
I go to the beachNNauru
94%
The island villagePPalau
94%
Island to the southTTonga
89%

Score Distribution

Percentile by Number Answered

Percent of People with Each Score

Your Score History

You have not taken this quiz